Top 25 Marvel Villians - Statistics

General Stats
  • This quiz has been taken 3,251 times
  • The average score is 9 of 25
Answer Stats
Hint Answer % Correct
9 Thanos
91%
3 Loki
84%
6 Ultron
71%
20 Green Goblin
64%
8 Red Skull
63%
7 Venom
60%
1 Magneto
57%
13 Dr Octopus
51%
2 Dr Doom
49%
5 Galactus
49%
10 Abomination
32%
25 Kingpin
32%
22 Mandarin
29%
17 Kang The Conqueror
28%
4 Mystique
27%
14 Apocalypse
26%
18 Juggernaut
22%
11 Sabretooth
22%
23 Baron Zemo
15%
16 Bullseye
15%
24 Mephisto
14%
21 Mr Sinister
10%
19 Enchantress
8%
12 Sebastian Shaw
8%
15 William Stryker
5%
No matching quizzes found
Score Distribution
Percent of People with Each Score
Percentile by Number Answered
Your Score History
You have not taken this quiz